| 000 | 01262nam a2200217 a 4500 | ||
|---|---|---|---|
| 001 | 83954 | ||
| 003 | BD-RjUL | ||
| 005 | 20240703122441.0 | ||
| 008 | 240703s2022 bg ||||| |||| 00| 0 ben d | ||
| 035 | _a(BD-RjUL)83954 | ||
| 040 |
_aBD-RjUL _beng _cBD-RjUL |
||
| 041 | _aben | ||
| 082 |
_223 _a378.0092 _bSIK 2022 |
||
| 245 |
_aশিক্ষকতার চল্লিশ বছর (১৯৮২-২০২২) অধ্যাপক মীজানুর রহমান সম্মাননা গ্রন্থ / _cমার্কেটিং অ্যালামনাই অ্যাসোসিয়েশন ঢাকা বিশ্ববিদ্যালয় |
||
| 260 |
_aঢাকা : _bমার্কেটিং অ্যালামনাই অ্যাসোসিয়েশন ঢাকা বিশ্ববিদ্যালয়, _c২০২২ |
||
| 300 |
_a৩৮৪ পৃ.: _bচিত্রসমূহ; _c২৪ সেমি. |
||
| 600 |
_aরহমান, মীজানুর _913424 |
||
| 650 |
_aRahman, Mizanur _913425 |
||
| 710 |
_aমার্কেটিং অ্যালামনাই অ্যাসোসিয়েশন ঢাকা বিশ্ববিদ্যালয় _913426 |
||
| 942 |
_2ddc _cBK |
||
| 999 |
_c83954 _d83954 |
||